Gaming Quiz

Random Gaming or Board Games Quiz

Games by T-Shirt Quiz Stats

 Plays Quiz Updated Jan 8, 2016

Also try: TV by T-Shirt
Challenge
Share
Tweet
Score 0/20 Timer 06:00
3 Plays Today
% Correct
Monopoly
98.9%
Pac-Man
95.8%
Scrabble
95.4%
Super Mario Bros.
95.4%
Angry Birds
95.3%
Chess
94.1%
Operation
92.6%
Snakes and Ladders
91.1%
Sonic the Hedgehog
90.9%
Pokémon
87.7%
% Correct
Donkey Kong
86.3%
Cluedo
85.3%
Twister
80.8%
Trivial Pursuit
78.1%
Sorry!
69.6%
Dungeons and Dragons
65.6%
Halo
62.6%
Portal
57.5%
Minecraft
53.8%
Catan
27.2%

You're not logged in!

Compare scores with friends on all Sporcle quizzes.
Join for Free
OR
Log In

You Might Also Like...

Show Comments

Extras

Top Quizzes Today


Score Distribution

Your Account Isn't Verified!

In order to create a playlist on Sporcle, you need to verify the email address you used during registration. Go to your Sporcle Settings to finish the process.

Report this User

Report this user for behavior that violates our Community Guidelines.

Details: